000 01268nam0a22002891 4500
001 rc\3231865
005 20260407080026.0
021 _aRU
_b[73-16296]
035 _a(NLR Aleph) 007471551
090 _a7421959
_c7421959
100 _a20130115d1973 |||y0rusy50 ca
101 0 _arus
102 _aRU
105 _aab z |||||
200 1 _aЭкология и морфология белого медведя
_e[Сборник статей
_fОтв. ред. чл.-кор. АН СССР В.Е. Соколов]
_g[АН СССР. Ин-т эволюц. морфологии и экологии животных им. А.Н. Северцова]
210 _aМосква
_cНаука
_d1973
215 _a161 с.
_cил., карт.
_d21
300 _aРез. статей на англ. яз.
320 _aСписки лит. в конце статей
606 _aМедведи белые
_jСборники
_2psbo
702 1 _aСоколов
_bВ.Е.
_4340
712 0 2 _aИнститут эволюционной морфологии и экологии животных им. А. Н. Северцова
_cМосква
_9280711
_3RU\NLR\AUTH\884586
801 0 _aRU
_bNLR
_gpsbo
801 1 _aRU
_bELAR
_2rusmarc
852 _aNLR
_j73-5/304
942 _cBOOK
980 _aNB